Najludniejsze państwa według półkuli - Statystyki

Ogólne statystyki
  • Ten quiz został rozwiązany 20 432 razy
    5 520 od ostatniego zresetowania
  • Średni wynik to 15 z 20
Odpowiedzi na mapie
Odpowiedzi zakodowano w zielono-czerwonej skali na mapie do tego quizu, zgodnie z poniższymi procentami.
 
Statystyki odpowiedzi
Ludność Kraj % Poprawnych
345 mln Stany Zjednoczone
99%
1434 mln Chiny
98%
1438 mln Indie
97%
210 mln Brazylia
95%
129 mln Meksyk
94%
45 mln Argentyna
90%
61 mln RepublikaPołudniowej Afryki
87%
250 mln Indonezja
84%
19 mln Chile
82%
32 mln Peru
81%
52 mln Kolumbia
80%
65 mln DemokratycznaRepublika Konga
76%
228 mln Nigeria
66%
244 mln Pakistan
65%
17 mln Ekwador
64%
40 mln Hiszpania
64%
50 mln Wielka Brytania
62%
174 mln Bangladesz
57%
69 mln Tanzania
51%
50 mln Kenia
50%
Nie znaleziono quizów pasujących do podanych kryteriów
Rozkład punktacji
Procent ludzi z każdym wynikiem
Percentyl według liczby udzielonych odpowiedzi
Twoja historia wyników
Nie rozwiązałeś tego quizu od ostatniego zresetowania